000 00828nam a2200193Ia 4500
008 151121s9999||||xx |||||||||||||| ||und||
082 _a814/महाम्ब
082 _bHNW-75381
100 _aमहाम्बरे गंगाधर
245 _aपु। ल।देशपांडे यांची चित्रगीते
260 _b"दिलीपराज प्रकाशन प्रा। लि।, पुणे।"
260 _c--
300 _a112
600 _aमहाम्बरे गंगाधर
630 _aपु। ल।देशपांडे यांची चित्रगीते
700 _aमहाम्बरे गंगाधर
730 _aपु। ल।देशपांडे यांची चित्रगीते
942 _cBOOK
999 _c1256821
_d1256818